LEADER 02361nam0 2200361 450 001 000008297 005 20220616132309.0 012 $an-us eea- a.ut yala (3) 1719 (A)$2fei$5UNIPARTHENOPE 100 $a20070928d1719----km-y0itay50------ba 101 0 $afre 102 $aAT 140 $acf--ijl-e--------yyybb1001-- 141 $aaf-u0gg-$5UNIPARTHENOPE-------------------------------------------------------------- 200 1 $aDescription de l'Isle de Sicile, et des ses cotes maritimes, avec les plans de toutes ses forteresses nouvellement tires, selon l'etat ou elles se trouvent presentement$f[Pierre del Callejo y Angulo] 210 $aVienne d'Autriche$cChez Jean Van Ghelen$d1719 215 $a26, [2] p., [14] c. di tav.$cill.$dfol. 304 $aIl nome dell'autore si ricava dall'introduzione: c. A2v 307 $aFregio xil. sul front. 307 $aSegn.: A-G2. - La c. G2 bianca. 316 $aLegatura in mezza pergamena su piatti di cartone (32x22x2 cm); dorso con tit. impresso in oro, ivi, inoltre, etichette con antiche segnature; macchie di umidità$5UNIPARTHENOPE 317 $aSulla controg. ant. antiche segnature mss.: 10°-A-1068 [n.i.]; 4-H: [n.i.]; I-BI-1: [n.i.]; ex libris della Reale Biblioteca di Marina; infine nn. mss. [n.i.]: 1068, 419; sul r. della c. di g. ant.: 12L-IV-5 [n.i.]; sul front.: Class XI Ingress n. 3 del Registro inventario della Regia Marina Biblioteca dipartimentale di Napoli; timbro A della Reale Biblioteca di Marina: su tutte le c.; timbro B della stessa: front., G1v; timbro della Reale Accademia di Marina: front.$5UNIPARTHENOPE 318 $aRestauro$cOttobre 2009$5UNIPARTHENOPE 327 1 $aLe immagini digitalizzate del front. e della c. A2 sono disponibili sull\2019OPAC della BNCF 620 $aAustria$dVienna 676 $a914.58$v21$9GEOGRAFIA. SICILIA E ISOLE ADIACENTI 700 1$aCallejo Y Angulo,$bPierre : Del$4070$0630650 712 02$aGhelen,$bJohann : van$4650 712 02$aDue Sicilie : Ministero della guerra e della marina$4390 801 0$aIT$bUNIPARTHENOPE$c20070928$gRICA$2UNIMARC 912 $a000008297 951 $aBORB-M-17$b4195$cFB$d2007 996 $aDescription de l'Isle de Sicile, et des ses cotes maritimes, avec les plans de toutes ses forteresses nouvellement tires, selon l'etat ou elles se trouvent presentement$91204440 997 $aUNIPARTHENOPE LEADER 01008nam0 22002891i 450 001 RML0289004 005 20231121125734.0 010 $a0471959855 100 $a20121121d1968 ||||0itac50 ba 101 | $aeng 102 $aus 181 1$6z01$ai $bxxxe 182 1$6z01$an 200 1 $aElectromechanical dynamics$epart I: discrete systems$fHerbert H. Woodson, James R. Melcher 210 $aNew York $cWiley $d1968 215 $axx, 330 p.$d23 cm. 676 $a537$9$v21 700 1$aWoodson$b, Herbert H.$3RMLV186791$0307828 701 1$aMelcher$b, James R.$3RMLV172973$026926 801 3$aIT$bIT-01$c20121121 850 $aIT-FR0099 899 $aBiblioteca Area Ingegneristica$bFR0099 912 $aRML0289004 950 0$aBiblioteca Area Ingegneristica$d 54INGFA 537 WOO$e 54VM 0000584145 VM barcode:BAIN002461. - Inventario:154VM$fA $h20051206$i20121204 977 $a 54 996 $aElectromechanical dynamics$9330249 997 $aUNICAS